000 00681nam a22002177a 4500
003 UA-OsUOA
001 120097
007 ta
008 20161208b un ||||| |||| 00| 0 ukr d
100 _aПрокопюк А.
090 _a330(477)
_bП80
942 _cSA
040 _aUA-OsUOA
_bukr
_cUA-OsUOA
_dUA-OsUOA
245 _aГалузеві структурні зрушення як чинник економічного зростання регіону
300 _aС.55-63
955 _a0
041 _aukr
080 _a330(477)
773 0 _w120091
_tРегіональна економіка
_dЛьвів
_d2016
_g3
650 7 _a330 Економіка взагалі
_2UDC
999 _c406215
_d406215